000 00960nam a2200253Ia 4500
003 OSt
005 20220923211206.0
006 a|||||r|||| 00| 0
007 ta
008 220922b |||||||| |||| 00| 0 hin d
020 _a8279170128 (hbk)
_c350
024 _a245,335
037 _b380, 11/02/2011, Swaraj Prakashan
_cTextual
040 _aARTS
_cARTS
_bhin
041 _2hin
_ahin
082 _aV2.L, 152P2
100 _aहबीब, इरफ़ान; रावत, रमेश, संपा.
_9159367
245 0 _aभारतीय इतिहास में मध्यकाल
246 _aBhāratīya itihās mean madhyakāla
260 _aनई दिल्ली
_b ग्रंथ शिल्पी
_c2002
300 _a270पृ.
_ccm.
942 _hV2.L, 152P2
_cTEXL
_2CC
999 _c296595
_d296595